000 00943agaaa2200253 4500
001 3181
003 IT-RoPAU
005 20220918181310.0
007 d cvaizq
008 50131s9999||||xx ||| | || ||und||
040 _aIT-RoPAU
_cIT-RoPAU
041 _aITALIANO
100 _aVezzani Lorenzo
_gCodice regista SPICS: 1405
_955956
130 _aMONTAGGIO PUBBLICITA' TV 96
_955957
245 _aMONTAGGIO PUBBLICITA' TV 96
_cDiretto da: Vezzani Lorenzo
_pMONTAGGIO PUBBLICITA' TV 96 (Rif. Codice opera principale : D3181)
250 _aEdizione Standard
260 _aROMA (ITALIA)
_bSPICS RECORDS /
_c"1995 (1° ed.: 1995 ; Ed. Lingua Orig.: 1995)"
300 _aVHS
_bsonoro, col.
_c135 minuti
538 _aPAL, STEREO
546 _aITALIANO
650 _aSPOT-TV
_eTV-PROGRAMMI DI PUBBLICITA' [VHS]
_xCodice MATERIA SPICS: 9968
_955958
700 _aVezzani Lorenzo
_e(regista)
_gCodice regista SPICS: 1405
_955959
942 _cVH
_2ddc
999 _c108513
_d108513